| 000 | 01391cam a22003257a 4500 | ||
|---|---|---|---|
| 001 | 15093908 | ||
| 005 | 20080625114412.0 | ||
| 008 | 071127s2008 waua 001 0 eng d | ||
| 010 | _a 2007942080 | ||
| 020 | _a0735624496 | ||
| 020 | _a9780735624498 | ||
| 035 | _a(OCoLC)ocn190395764 | ||
| 040 |
_aYDXCP _cYDXCP _dBAKER _dSA$ _dOCLCQ _dDLC |
||
| 042 | _alccopycat | ||
| 050 | 0 | 0 |
_aQA76.73.J39 _bS84 2008 |
| 082 | 0 | 4 |
_a005.2762 _222 _bSUE |
| 100 | 1 |
_aSuehring, Steve. _94305 |
|
| 245 | 1 | 0 |
_aJavaScript step by step / _cSteve Suehring. |
| 260 |
_aRedmond, Wash. : _bMicrosoft, _cc2008. |
||
| 300 |
_axxii, 389 p. : _bill. ; _c23 cm + _e1 CD-ROM (4 3/4 in.). |
||
| 440 | 1 |
_aStep by step _94306 |
|
| 500 | _a"ebook + exercises"---cover | ||
| 500 | _aIncludes index. | ||
| 650 | 0 |
_aJavaScript (Computer program language) _94307 |
|
| 830 | 0 |
_aStep by step (Redmond, Wash.) _94308 |
|
| 942 |
_2ddc _cBB |
||
| 999 |
_c11434 _d11434 |
||